[Event "Dundee & Angus op"]
[Site "Dundee"]
[Date "2014.10.11"]
[Round "4"]
[White "Hookham, James"]
[Black "Parks, Joseph"]
[Result "1-0"]
[WhiteElo "1978"]
[BlackElo "1871"]
[PlyCount "78"]
[EventDate "2014.10.10"]
[EventType "swiss"]
[EventRounds "5"]
[EventCountry "SCO"]
[SourceTitle "EXT 2017"]
[Source "ChessBase"]
[SourceDate "2016.10.25"]
[SourceVersion "1"]
[SourceVersionDate "2016.10.25"]
[SourceQuality "1"]

1. e4 d5 2. exd5 Qxd5 3. Nc3 Qd6 4. d4 c6 5. Bc4 Nf6 6. Nge2 Bf5 7. Bf4 Qb4 8. Bb3 e6 9. 0-0 Na6 10. a3 Qa5 11. Ng3 Bg6 12. Qe2 Be7 13. Nce4 0-0 14. Nd6 Qc7 15. Ndf5 Qxf4 16. Nxe7+ Kh8 17. Nxg6+ hxg6 18. Qe5 Qxe5 19. dxe5 Nd7 20. Rfe1 Nac5 21. Ba2 Nb6 22. b4 Ncd7 23. Rad1 a5 24. Bb3 axb4 25. axb4 c5 26. bxc5 Nxc5 27. Rd6 Ra6 28. Kf1 Rc8 29. Red1 Nxb3 30. cxb3 Nd5 31. Rd7 Rb6 32. Rxf7 Rxb3 33. Ne4 Kg8 34. Rd7 Rf8 35. Re1 Ne3+ 36. Kg1 Ng4 37. Re7 Nxe5 38. Rxe6 Nd3 39. Rf1 b5 1-0

[Event "Aegean op 37th"]
[Site "Aghios Kirykos"]
[Date "2014.07.14"]
[Round "3"]
[White "Porter, Sam J"]
[Black "Hookham, James"]
[Result "0-1"]
[WhiteElo "1937"]
[BlackElo "2104"]
[PlyCount "106"]
[EventDate "2014.07.12"]
[EventType "swiss"]
[EventRounds "9"]
[EventCountry "GRE"]
[SourceTitle "CBM 161 Extra"]
[Source "ChessBase"]
[SourceDate "2014.08.29"]
[SourceVersion "1"]
[SourceVersionDate "2014.08.29"]
[SourceQuality "1"]

1. e4 c5 2. Nf3 g6 3. d4 cxd4 4. Nxd4 Nc6 5. c4 Nf6 6. f3 d6 7. Be3 Bg7 8. Nc3 0-0 9. Qd2 Qa5 10. Be2 Nxd4 11. Bxd4 Be6 12. 0-0 Rfc8 13. b3 b5 14. cxb5 Nxe4 15. fxe4 Bxd4+ 16. Qxd4 Rxc3 17. Bc4 Bxc4 18. bxc4 Qb6 19. Qxb6 axb6 20. Rfc1 Rxc1+ 21. Rxc1 Rxa2 22. e5 dxe5 23. c5 bxc5 24. Rxc5 f6 25. b6 Rb2 26. Rc6 Kf7 27. h4 h5 28. g3 e4 29. Kf1 e3 30. Ke1 e5 31. Rc7+ Ke6 32. b7 Kf5 33. Kd1 e2+ 34. Ke1 g5 35. hxg5 fxg5 36. Kf2 Kg4 37. Re7 e1Q+ 38. Kxe1 Kxg3 39. Rxe5 Kf4 40. Re7 h4 41. Kf1 h3 42. Kg1 g4 43. Rc7 Kg3 44. Rc3+ Kh4 45. Rc7 Rb1+ 46. Kf2 g3+ 47. Kf3 Rb3+ 48. Kf4 Rb4+ 49. Kf3 g2 50. Rh7+ Kg5 51. Kf2 Rb2+ 52. Kf3 Kg6 53. Rxh3 g1N+ 0-1

[Event "BCF-chT2a 1314 (4NCL)"]
[Site "England"]
[Date "2014.02.16"]
[Round "6.34"]
[White "Brown, Thomas"]
[Black "Hookham, James"]
[Result "0-1"]
[WhiteElo "2099"]
[BlackElo "2090"]
[PlyCount "138"]
[EventDate "2013.11.16"]
[EventType "team-swiss"]
[EventRounds "11"]
[EventCountry "ENG"]
[SourceTitle "EXT 2015"]
[Source "ChessBase"]
[SourceDate "2014.11.20"]
[SourceVersion "1"]
[SourceVersionDate "2014.11.20"]
[SourceQuality "1"]
[WhiteTeam "Rhyfelwyr Essyllwg"]
[BlackTeam "KJCA Kings"]
[WhiteTeamCountry "ENG"]
[BlackTeamCountry "ENG"]

1. d4 Nf6 2. c4 e6 3. Nc3 Bb4 4. e3 d5 5. Nge2 0-0 6. a3 Be7 7. cxd5 exd5 8. Ng3 c5 9. dxc5 Bxc5 10. b4 Bb6 11. Na4 a5 12. b5 Be6 13. Nxb6 Qxb6 14. Bb2 Nbd7 15. Nh5 Bg4 16. Nxf6+ Nxf6 17. Qd4 Qxd4 18. Bxd4 Nd7 19. Be2 Be6 20. Rc1 Rac8 21. Kd2 f6 22. f4 Bf5 23. Bf3 Be4 24. b6 Kf7 25. a4 Ke6 26. Rhf1 Bxf3 27. gxf3 Kd6 28. e4 dxe4 29. fxe4 Nc5 30. Ke3 Nxa4 31. Ra1 Rc4 32. Rg1 Rf7 33. Rgc1 Rb4 34. Rcb1 Rxb1 35. Rxb1 Re7 36. Ra1 Nc5 37. e5+ fxe5 38. fxe5+ Rxe5+ 39. Bxe5+ Kxe5 40. Rxa5 Kd6 41. Ra8 Ke5 42. Rc8 Nd7 43. Rc7 Nxb6 44. Rxg7 Nd5+ 45. Kf3 Nf6 46. Rxb7 Kf5 47. Rb5+ Kg6 48. Kf4 Nh5+ 49. Kg4 Nf6+ 50. Kh4 Ne4 51. Re5 Nf6 52. Rg5+ Kf7 53. Rg1 h6 54. Rg2 Kf8 55. Kg3 Kf7 56. Kf4 Nh5+ 57. Ke5 Ng7 58. Rf2+ Kg6 59. h3 Nh5 60. Ra2 Ng7 61. Ra4 Nh5 62. Ra6+ Kg5 63. Ra4 Kg6 64. Rg4+ Kf7 65. h4 Ng7 66. Rg1 Nh5 67. Kf5 Ng7+ 68. Kg4 Kg6 69. Ra1 Nh5 0-1

[Event "BCF-chT2a 1314 (4NCL)"]
[Site "England"]
[Date "2014.01.12"]
[Round "4.45"]
[White "Hookham, James"]
[Black "Kemp, Paul R"]
[Result "1-0"]
[WhiteElo "2090"]
[BlackElo "2102"]
[PlyCount "73"]
[EventDate "2013.11.16"]
[EventType "team-swiss"]
[EventRounds "11"]
[EventCountry "ENG"]
[SourceTitle "EXT 2015"]
[Source "ChessBase"]
[SourceDate "2014.11.20"]
[SourceVersion "1"]
[SourceVersionDate "2014.11.20"]
[SourceQuality "1"]
[WhiteTeam "KJCA Kings"]
[BlackTeam "Poisoned Pawns"]
[WhiteTeamCountry "ENG"]
[BlackTeamCountry "ENG"]

1. e4 c6 2. Nc3 d5 3. Nf3 Bg4 4. h3 Bxf3 5. Qxf3 Nf6 6. d3 e6 7. Bd2 Nbd7 8. g4 b5 9. g5 b4 10. Nd1 Ng8 11. h4 Bd6 12. Bh3 Ne7 13. h5 Qb6 14. Ne3 Be5 15. Bc1 Rd8 16. Ng4 Bd4 17. Be3 dxe4 18. Qxe4 Nf5 19. g6 Nc5 20. gxf7+ Kxf7 21. Ne5+ Kf6 22. Ng4+ Kf7 23. Ne5+ Kf6 24. Bxd4 Rxd4 25. Qe2 Qc7 26. Ng4+ Kf7 27. Ne5+ Kf6 28. Ng4+ Kf7 29. 0-0-0 Rf8 30. Qe5 Qa5 31. Kb1 Rd5 32. Qe1 Na4 33. Ne3 Nxe3 34. Qxe3 Re5 35. Qf3+ Kg8 36. Qxc6 Qd5 37. Qxa4 1-0

[Event "London Classic op-B 5th"]
[Site "London"]
[Date "2013.12.14"]
[Round "3"]
[White "Hookham, James"]
[Black "Moritz, Aron"]
[Result "1-0"]
[WhiteElo "2076"]
[BlackElo "2202"]
[PlyCount "43"]
[EventDate "2013.12.13"]
[EventType "swiss"]
[EventRounds "5"]
[EventCountry "ENG"]
[SourceTitle "EXT 2016"]
[Source "ChessBase"]
[SourceDate "2015.10.08"]
[SourceVersion "1"]
[SourceVersionDate "2015.10.08"]
[SourceQuality "1"]

1. e4 c5 2. d4 cxd4 3. c3 dxc3 4. Nxc3 e6 5. Nf3 a6 6. Bc4 Qc7 7. Qe2 b5 8. Bb3 Bb7 9. 0-0 d6 10. Bf4 Nd7 11. Rac1 Qb8 12. Rfd1 Be7 13. e5 Bxf3 14. Qxf3 Nxe5 15. Bxe5 dxe5 16. Qc6+ Kf8 17. Nd5 Bd8 18. Nb4 Ne7 19. Qd7 Bb6 20. Nc6 Nxc6 21. Rxc6 Bd4 22. Rdc1 1-0

[Event "EU-ch U18 19th"]
[Site "Fermo"]
[Date "2009.09.06"]
[Round "6"]
[White "Giacchetti, Lorenzo"]
[Black "Hookham, James"]
[Result "1/2-1/2"]
[WhiteElo "1818"]
[BlackElo "1997"]
[PlyCount "95"]
[EventDate "2009.08.31"]
[EventType "swiss"]
[EventRounds "9"]
[EventCountry "ITA"]
[SourceTitle "CBM 132 Extra"]
[Source "ChessBase"]
[SourceDate "2009.11.03"]
[SourceVersion "1"]
[SourceVersionDate "2009.11.03"]
[SourceQuality "1"]

1. e4 c5 2. Nf3 g6 3. d4 cxd4 4. Qxd4 Nf6 5. Bb5 Nc6 6. Bxc6 bxc6 7. e5 Nd5 8. 0-0 Bg7 9. Nc3 Nc7 10. Qh4 Ne6 11. Bh6 0-0 12. Bxg7 Kxg7 13. Rad1 Rb8 14. b3 Qa5 15. Ne4 f6 16. exf6+ exf6 17. Nd6 Rd8 18. Nxc8 Rbxc8 19. Rd6 Qf5 20. Rfd1 Rc7 21. Nd4 Nxd4 22. R1xd4 Re8 23. h3 g5 24. Qg4 Qxg4 25. hxg4 Re7 26. f3 Kg6 27. Kf2 h6 28. Rd3 Rb7 29. c4 Kf7 30. c5 Rb5 31. Rxd7 Rxc5 32. R3d6 Rc2+ 33. Kg3 Rxa2 34. Rxe7+ Kxe7 35. Rxc6 Ra3 36. Rc7+ Kd6 37. Rf7 Ke6 38. Rc7 Ra6 39. Kf2 Kd6 40. Rf7 Kc5 41. Rb7 Kd4 42. Kg3 Kc3 43. Kf2 Ra3 44. Kg3 Kd4 45. Kf2 Kc5 46. Kg3 Ra2 47. Rf7 Ra6 48. Kf2 1/2-1/2

[Event "SCO-ch"]
[Site "Edinburgh"]
[Date "2009.07.18"]
[Round "8"]
[White "Hookham, James"]
[Black "Lyell, Mark"]
[Result "0-1"]
[WhiteElo "1997"]
[BlackElo "2288"]
[PlyCount "38"]
[EventDate "2009.07.11"]
[EventType "swiss"]
[EventRounds "9"]
[EventCountry "SCO"]
[SourceTitle "CBM 131 Extra"]
[Source "ChessBase"]
[SourceDate "2009.09.03"]
[SourceVersion "2"]
[SourceVersionDate "2009.09.16"]
[SourceQuality "1"]

1. e4 e5 2. Nf3 Nc6 3. c3 f5 4. d4 fxe4 5. Nxe5 Qf6 6. Nxc6 bxc6 7. Be2 d5 8. Be3 Bd6 9. Nd2 Nh6 10. g4 Bf4 11. Nf1 0-0 12. h3 Rb8 13. Rb1 Bxe3 14. fxe3 Qh4+ 15. Kd2 Rf2 16. Qe1 Ba6 17. Rh2 Rbf8 18. g5 Bxe2 19. gxh6 Bd3+ 0-1

[Event "SCO-ch"]
[Site "Edinburgh"]
[Date "2009.07.17"]
[Round "7"]
[White "Kafka, Graeme"]
[Black "Hookham, James"]
[Result "0-1"]
[WhiteElo "2077"]
[BlackElo "1997"]
[PlyCount "68"]
[EventDate "2009.07.11"]
[EventType "swiss"]
[EventRounds "9"]
[EventCountry "SCO"]
[SourceTitle "CBM 131 Extra"]
[Source "ChessBase"]
[SourceDate "2009.09.03"]
[SourceVersion "2"]
[SourceVersionDate "2009.09.16"]
[SourceQuality "1"]

1. e4 c5 2. Nc3 g6 3. d4 cxd4 4. Qxd4 Nf6 5. Bb5 a6 6. e5 axb5 7. exf6 exf6 8. Nd5 Ra6 9. Bd2 Re6+ 10. Ne2 Bg7 11. Qd3 0-0 12. 0-0 d6 13. Nd4 Re5 14. Qxb5 b6 15. c4 Ba6 16. Qb4 f5 17. Nf3 Re4 18. Rac1 b5 19. b3 Bb2 20. Bh6 Rfe8 21. Rc2 Bh8 22. Rfc1 Nc6 23. Qd2 bxc4 24. bxc4 Ne5 25. Nxe5 Bxe5 26. Nc3 Rxc4 27. g3 Bb7 28. Bg5 Qa5 29. f4 Bd4+ 30. Kf1 Qa6 31. Ne2 Qc6 32. Ng1 Rxc2 33. Rxc2 Ba6+ 34. Ne2 Qh1# 0-1

[Event "SCO-ch"]
[Site "Edinburgh"]
[Date "2009.07.15"]
[Round "5"]
[White "Panchanathan, Magesh Chandran"]
[Black "Hookham, James"]
[Result "1-0"]
[WhiteElo "2493"]
[BlackElo "1997"]
[PlyCount "97"]
[EventDate "2009.07.11"]
[EventType "swiss"]
[EventRounds "9"]
[EventCountry "SCO"]
[SourceTitle "CBM 131 Extra"]
[Source "ChessBase"]
[SourceDate "2009.09.03"]
[SourceVersion "2"]
[SourceVersionDate "2009.09.16"]
[SourceQuality "1"]

1. Nf3 Nf6 2. g3 d5 3. Bg2 c5 4. 0-0 Nc6 5. d4 Bf5 6. c4 e6 7. cxd5 Nxd5 8. Nc3 Nxc3 9. bxc3 Be7 10. Qb3 Qc8 11. dxc5 0-0 12. Nd4 Bg6 13. Bf4 Na5 14. Qb5 Qxc5 15. Qxc5 Bxc5 16. Nb3 Bb6 17. Nxa5 Bxa5 18. c4 Rac8 19. c5 Rfd8 20. Be3 Rc7 21. Rac1 Bb4 22. Rc4 Ba3 23. h4 Rdc8 24. Rd1 h6 25. Bf3 Bxc5 26. h5 Bxe3 27. Rxc7 Rxc7 28. Rd8+ Kh7 29. hxg6+ Kxg6 30. fxe3 Rc3 31. Rd3 Rc7 32. Kf2 e5 33. Rd8 b6 34. Bd5 f6 35. e4 Rc3 36. Rd7 Ra3 37. Bf7+ Kh7 38. g4 b5 39. Rb7 a6 40. e3 Rc3 41. Kf3 Rc6 42. Ra7 Rb6 43. Kg3 Rc6 44. Kh4 Rc1 45. Rxa6 Rf1 46. Ra7 Rf3 47. Be6 Rxe3 48. Bf5+ Kg8 49. Kh5 1-0

[Event "SCO-ch"]
[Site "Edinburgh"]
[Date "2009.07.11"]
[Round "1"]
[White "Grant, Jonathan"]
[Black "Hookham, James"]
[Result "1-0"]
[WhiteElo "2254"]
[BlackElo "1997"]
[PlyCount "57"]
[EventDate "2009.07.11"]
[EventType "swiss"]
[EventRounds "9"]
[EventCountry "SCO"]
[SourceTitle "CBM 131 Extra"]
[Source "ChessBase"]
[SourceDate "2009.09.03"]
[SourceVersion "2"]
[SourceVersionDate "2009.09.16"]
[SourceQuality "1"]

1. c4 e5 2. Nc3 Nc6 3. g3 g6 4. Bg2 Bg7 5. e4 d6 6. d3 Nge7 7. Nge2 Be6 8. Nd5 a5 9. 0-0 0-0 10. Be3 f5 11. Qd2 Qd7 12. Rac1 b6 13. Nxe7+ Qxe7 14. exf5 Bd7 15. fxg6 hxg6 16. Nc3 Rae8 17. Bg5 Bf6 18. Nd5 Qg7 19. Bh6 Qh7 20. Nxc7 Nd4 21. Nxe8 Rxe8 22. Be3 Bg4 23. Bxd4 exd4 24. Qf4 Bf5 25. Qxd6 Kg7 26. Rfe1 Rf8 27. Bd5 Qh5 28. Re7+ Kh6 29. Ra7 1-0

[Event "Dundee & Angus op"]
[Site "Dundee"]
[Date "2009.??.??"]
[Round "2"]
[White "Newton, Andrew"]
[Black "Hookham, James"]
[Result "0-1"]
[WhiteElo "1574"]
[BlackElo "1874"]
[PlyCount "110"]
[EventDate "2009.10.16"]
[EventType "swiss"]
[EventRounds "5"]
[EventCountry "SCO"]
[SourceTitle "EXT 2017"]
[Source "ChessBase"]
[SourceDate "2016.10.25"]
[SourceVersion "1"]
[SourceVersionDate "2016.10.25"]
[SourceQuality "1"]

1. d4 Nf6 2. c4 e6 3. Nc3 Bb4 4. a3 Bxc3+ 5. bxc3 Ne4 6. Qc2 f5 7. e3 b6 8. Nh3 Bb7 9. f3 Nf6 10. Bd3 d6 11. e4 fxe4 12. fxe4 e5 13. 0-0 0-0 14. Bg5 Nbd7 15. Rf3 Qe8 16. d5 h6 17. Be3 Ng4 18. Qe2 Rxf3 19. Qxf3 Nxe3 20. Qxe3 Qg6 21. Bc2 Nc5 22. Qe2 Rf8 23. g3 Bc8 24. Nf2 Bd7 25. Kg2 Rf6 26. a4 a5 27. Ra3 Qe8 28. Qd1 Qf7 29. Qe2 h5 30. h3 Qg6 31. Ra1 Qe8 32. Qd1 g5 33. Ra3 Qg6 34. Qe2 Kg7 35. Ra1 Rf8 36. Ra3 g4 37. h4 Qh6 38. Qe1 Rf3 39. Nd1 Be8 40. Ra1 Kh7 41. Ra3 Qc1 42. Ra2 Nxa4 43. Bxa4 Bxa4 44. Rxa4 Qc2+ 45. Nf2 Qxa4 46. Qd2 Qe8 47. Qg5 Qf7 48. Qd2 Rxf2+ 49. Qxf2 Qxf2+ 50. Kxf2 a4 51. c5 bxc5 52. c4 a3 53. Ke3 a2 54. Kd2 a1Q 55. Kd3 Qd4+ 0-1